[Event "Asia-ch U20 Girls"]
[Site "Jamshedpur"]
[Date "2023.09.14"]
[Round "8"]
[White "Nurgali, Nazerke"]
[Black "Bommini, Mounika Akshaya"]
[Result "1/2-1/2"]
[WhiteElo "2268"]
[BlackElo "2096"]
[PlyCount "66"]
[EventDate "2023.09.09"]
[EventType "swiss"]
[EventRounds "9"]
[EventCountry "IND"]
[SourceTitle "EXT 2024"]
[Source "ChessBase"]
[SourceDate "2023.10.10"]
[SourceVersion "1"]
[SourceVersionDate "2023.10.10"]
[SourceQuality "1"]

1. d4 e6 2. Nf3 c5 3. e3 d5 4. b3 Nf6 5. Bd3 Nc6 6. 0-0 b6 7. Bb2 Bd6 8. Nbd2 Bb7 9. a3 0-0 10. Ne5 Ne7 11. Qe2 Rc8 12. f4 Ne4 13. Nxe4 dxe4 14. Bc4 Qc7 15. Rfd1 Nd5 16. dxc5 Bxc5 17. Bxd5 exd5 18. Rac1 f6 19. Ng4 Qe7 20. b4 Bd6 21. Bd4 Bc6 22. Re1 Ba4 23. Nf2 Rc4 24. c3 Qe6 25. Nd1 Bb5 26. Qd2 Rc7 27. Nb2 Rfc8 28. Ra1 Be8 29. Rec1 Be7 30. Rd1 Bh5 31. Rdc1 Be8 32. Rd1 Bh5 33. Rdc1 Be8 1/2-1/2

[Event "Asia-ch U20 Girls"]
[Site "Jamshedpur"]
[Date "2023.09.11"]
[Round "4"]
[White "Rindhiya, V."]
[Black "Bommini, Mounika Akshaya"]
[Result "1/2-1/2"]
[WhiteElo "1918"]
[BlackElo "2096"]
[PlyCount "40"]
[EventDate "2023.09.09"]
[EventType "swiss"]
[EventRounds "9"]
[EventCountry "IND"]
[SourceTitle "EXT 2024"]
[Source "ChessBase"]
[SourceDate "2023.10.10"]
[SourceVersion "1"]
[SourceVersionDate "2023.10.10"]
[SourceQuality "1"]

1. e4 c5 2. Nf3 e6 3. d4 cxd4 4. Nxd4 Nf6 5. Nc3 Nc6 6. Nxc6 bxc6 7. e5 Nd5 8. Nxd5 cxd5 9. Bd3 d6 10. Qe2 Qc7 11. Bf4 Rb8 12. c3 Be7 13. 0-0 0-0 14. c4 dxc4 15. Bxc4 d5 16. Bd3 Rb4 17. Bg3 Qb6 18. b3 Bd7 19. Rac1 Bb5 20. Rc3 Bxd3 1/2-1/2

[Event "Asia-ch U20 Girls"]
[Site "Jamshedpur"]
[Date "2023.09.10"]
[Round "3"]
[White "Bommini, Mounika Akshaya"]
[Black "Wadifa, Ahmed"]
[Result "1-0"]
[WhiteElo "2096"]
[BlackElo "1833"]
[PlyCount "59"]
[EventDate "2023.09.09"]
[EventType "swiss"]
[EventRounds "9"]
[EventCountry "IND"]
[SourceTitle "EXT 2024"]
[Source "ChessBase"]
[SourceDate "2023.10.10"]
[SourceVersion "1"]
[SourceVersionDate "2023.10.10"]
[SourceQuality "1"]

1. d4 d5 2. Nf3 Nf6 3. c3 Bf5 4. Qb3 Qc8 5. Bf4 c5 6. dxc5 e6 7. Nd4 Bxc5 8. Nxf5 exf5 9. e3 0-0 10. Be2 Nc6 11. Nd2 Re8 12. 0-0 Qd7 13. Rad1 Rad8 14. Nf3 Qc8 15. Bg5 Qe6 16. Bxf6 gxf6 17. Bd3 Ne5 18. Nd4 Bxd4 19. exd4 Nxd3 20. Rxd3 f4 21. Rf3 Qg4 22. Qxb7 Re6 23. Qc7 Rdd6 24. h3 Qh4 25. Kh2 f5 26. g3 fxg3+ 27. fxg3 Re2+ 28. R3f2 Rxf2+ 29. Rxf2 Qh6 30. Qc8+ 1-0

[Event "Asia-ch U20 Girls"]
[Site "Jamshedpur"]
[Date "2023.09.10"]
[Round "2"]
[White "Dakshita, Kumawat"]
[Black "Bommini, Mounika Akshaya"]
[Result "0-1"]
[WhiteElo "1690"]
[BlackElo "2096"]
[PlyCount "110"]
[EventDate "2023.09.09"]
[EventType "swiss"]
[EventRounds "9"]
[EventCountry "IND"]
[SourceTitle "EXT 2024"]
[Source "ChessBase"]
[SourceDate "2023.10.10"]
[SourceVersion "1"]
[SourceVersionDate "2023.10.10"]
[SourceQuality "1"]

1. d4 Nf6 2. c4 e6 3. Nc3 Bb4 4. e3 0-0 5. Bd2 d5 6. Nf3 c5 7. a3 Bxc3 8. Bxc3 cxd4 9. exd4 dxc4 10. Bxc4 b6 11. 0-0 Nc6 12. Rc1 Bb7 13. Ne5 Ne7 14. Re1 Nfd5 15. Qg4 Nf5 16. Nd3 Nf6 17. Qf4 Rc8 18. Bb3 a5 19. f3 Nd5 20. Bxd5 Bxd5 21. Nf2 Rc4 22. Ng4 h5 23. Ne5 Rc8 24. Qd2 Bb3 25. Qf2 Qd6 26. g4 hxg4 27. fxg4 Ne7 28. Re3 f6 29. Nd3 Ng6 30. Qg3 Qxg3+ 31. Rxg3 Ne7 32. Nf4 g5 33. Nh5 Nd5 34. Rf1 Bc4 35. Rf2 Kh7 36. Bd2 Kg6 37. Rgf3 Ba6 38. Ng3 Rc4 39. Bc3 Nf4 40. Nf1 Rh8 41. Ne3 Rcc8 42. Rd2 Ne2+ 43. Rxe2 Bxe2 44. Rf2 Bd3 45. d5 e5 46. Rd2 Be4 47. d6 Rhd8 48. Nf1 Bf3 49. Ne3 Be4 50. Nf1 Kf7 51. Kf2 Rc6 52. Ng3 Bg6 53. Ke3 Rcxd6 54. Rf2 Ke6 55. Nf1 Rh8 0-1

[Event "Asia-ch Rapid U20 Girls"]
[Site "Jamshedpur"]
[Date "2023.09.08"]
[Round "9"]
[White "Keerti, Shree Reddy"]
[Black "Bommini, Mounika Akshaya"]
[Result "1-0"]
[WhiteElo "1618"]
[BlackElo "2073"]
[PlyCount "61"]
[EventDate "2023.09.08"]
[EventType "swiss (rapid)"]
[EventRounds "9"]
[EventCountry "IND"]
[SourceTitle "EXT 2024"]
[Source "ChessBase"]
[SourceDate "2023.10.10"]
[SourceVersion "1"]
[SourceVersionDate "2023.10.10"]
[SourceQuality "1"]

1. e4 c5 2. Nf3 d6 3. d4 cxd4 4. Nxd4 Nf6 5. Nc3 a6 6. Be2 e5 7. Nb3 Be6 8. 0-0 Nbd7 9. Kh1 Be7 10. f4 exf4 11. Bxf4 Ne5 12. Nd4 Ng6 13. Nxe6 fxe6 14. Bc4 Nxf4 15. Rxf4 Qc8 16. Qe2 b5 17. Bb3 e5 18. Rff1 Qd7 19. a4 b4 20. Nd5 Rb8 21. a5 Kd8 22. Qxa6 Nxe4 23. Rf7 Nc5 24. Qe2 Re8 25. Rxg7 Nxb3 26. cxb3 Qe6 27. Rd1 h6 28. a6 Bg5 29. a7 Ra8 30. Nc7 Qf6 31. Nxe8 1-0

[Event "Spilimbergo op 21st"]
[Site "Spilimbergo"]
[Date "2023.08.09"]
[Round "1"]
[White "Martinovici, Ilie"]
[Black "Bommini, Mounika Akshaya"]
[Result "1/2-1/2"]
[WhiteElo "2441"]
[BlackElo "2128"]
[PlyCount "51"]
[EventDate "2023.08.09"]
[EventType "swiss"]
[EventRounds "9"]
[EventCountry "ITA"]
[SourceTitle "CBM 215 Extra"]
[Source "ChessBase"]
[SourceDate "2023.09.30"]
[SourceVersion "1"]
[SourceVersionDate "2023.09.30"]
[SourceQuality "1"]

1. d4 d5 2. c4 c6 3. Nf3 Nf6 4. Nc3 e6 5. e3 Nbd7 6. b3 Bb4 7. Bd2 Bd6 8. Bd3 0-0 9. 0-0 e5 10. cxd5 cxd5 11. Nb5 Bb8 12. dxe5 Nxe5 13. Be2 Qe7 14. Rc1 a6 15. Nbd4 Bd6 16. Nxe5 Qxe5 17. Nf3 Qh5 18. Ba5 Bg4 19. h3 Bxh3 20. gxh3 Qxh3 21. Qd4 Ne4 22. Bc7 Qg4+ 23. Kh1 Qh3+ 24. Kg1 Qg4+ 25. Kh1 Qh3+ 26. Kg1 1/2-1/2